000
00205 a2200097 4500
001
46879
100
_a
Buckland G
245
_a
Cecil Beaten
260
_a
_b
Imperial War Museum
_c
090
_c
29964
_d
29964
942
_a
NUST-CAE
_c
M
_c
22184
999
_c
281952
_d
281952